Szczegóły MARC21

Moje młode lata /

003 -Nazwa inst., której nr kontr. jest w polu 001 [,]
    • @
    • Nazwa instytucji, której n kontrolny jest w polu 001
    • NUKAT
005 -DATA I CZAS OSTATNIEJ MODYFIKACJI [,]
    • @
    • pole kontrolne
    • 20241231102550.0
040 -Instytucja sporządzająca opis [ , ]
    • a
    • Instytucja, która sporządziła opis (NP)
    • WA U/74BS
    • c
    • Instytucja, która sporządziła rekord (NP)
    • WA U/BS
    • d
    • Instytucja, która zmodyfikowała rekord (P)
    • WA U/AGO
    • d
    • Instytucja, która zmodyfikowała rekord (P)
    • WA 566/IL
    • d
    • Instytucja, która zmodyfikowała rekord (P)
    • POZN U/EMs
041 -Język dokumentu [1, ]
    • a
    • Język tekstu (P)
    • polski
    • h
    • Język tekstu oryginalnego i/lub pośredniego (P)
    • angielski
942 -Rodzaj dokumentu [ , ]
    • c
    • Rodzaj dokumentu
    • Książka
100 -Hasło główne - nazwa osobowa [1, ]
    • a
    • Nazwa osobowa (NP)
    • Rubinstein, Artur
    • d
    • Daty biograficzne (NP)
    • (1887-1982).
    • 9
    • KHW
    • 57005
240 -Tytuł ujednolicony [1,0]
    • a
    • Tytuł ujednolicony
    • My young years
    • l
    • Język tekstu
    • (pol.)
    • 9
    • KHW
    • 57279
245 -Strefa tytułu i oznaczenia odpowiedzialności [1,0]
    • a
    • Tytuł
    • Moje młode lata / Find
    • c
    • Pozostałe elementy strefy tytułu i oznaczenia odpowiedzialności (NP)
    • Artur Rubinstein ; [autoryzowany przekład z języka angielskiego Tadeusz Szafar].
260 -Strefa adresu wydawniczego [ , ]
    • a
    • Miejsce wydania (P)
    • Kraków :
    • b
    • Nazwa wydawcy (P)
    • Polskie Wydawnictwo Muzyczne,
    • c
    • Data wydania (P)
    • 1976.
300 -Strefa opisu fizycznego [ , ]
    • a
    • Określenie formy książki i/lub objętość (NP)
    • 570, [2] s., [24] s. tabl. ;
    • c
    • Format (NP)
    • 20 cm.
336 -Typ zawartości [ , ]
    • a
    • Termin opisujący typ zawartości
    • Tekst
    • b
    • Kod określający zawartość
    • txt
    • 2
    • Źródło (terminu i kodu)
    • rdacontent
337 -Typ mediów [ , ]
    • a
    • Tryb odtwarzania
    • Bez urządzenia pośredniczącego
    • b
    • Kod typu mediów
    • n
    • 2
    • Źródło (terminu i kodu)
    • rdamedia
338 -Typ/rodzaj nośnika [ , ]
    • a
    • Hasło opisujące typ nośnika
    • Wolumin
    • b
    • Kod typu nośnika
    • nc
    • 2
    • Źródło (terminu i kodu)
    • rdacarrier
504 -Uwaga dot. bibliogr. załącznikowej [ , ]
    • a
    • Uwaga dot. bibliografii załącznikowej
    • Indeks.
080 -Uniwersalna Klasyfikacja Dziesiętna [ , ]
    • a
    • Symbol klasyfikacji
    • 821.111(73)-312.6
    • 2
    • Identyfikator wydania tablic
    • UDC-P058
    • 9
    • UKD
    • 27747
    • b
    • Dopowiedzenie
    • Literatura amerykańska. - Powieści, nowele, opowiadania biograficzne.
    • 4
    • UKD2
    • 8230
    • x
    • Poddział wspólny
    • "19"
    • c
    • Dopowiedzenie poddz. wspólnego
    • Wiek XX.
080 -Uniwersalna Klasyfikacja Dziesiętna [ , ]
    • a
    • Symbol klasyfikacji
    • 78.071.2
    • 2
    • Identyfikator wydania tablic
    • UDC-P058
    • 9
    • UKD
    • 6157
    • b
    • Dopowiedzenie
    • Muzycy odtwórcy. Śpiewacy. Dyrygenci. Instrumentaliści. Wirtuozi.
    • 4
    • UKD2
    • 8230
    • x
    • Poddział wspólny
    • "19"
    • c
    • Dopowiedzenie poddz. wspólnego
    • Wiek XX.
080 -Uniwersalna Klasyfikacja Dziesiętna [ , ]
    • a
    • Symbol klasyfikacji
    • 929-051A/Z
    • 2
    • Identyfikator wydania tablic
    • UDC-P058
    • 9
    • UKD
    • 8137
    • b
    • Dopowiedzenie
    • Pamiętniki, autobiografie indywidualne.
    • 4
    • UKD2
    • 8230
    • x
    • Poddział wspólny
    • "19"
    • c
    • Dopowiedzenie poddz. wspólnego
    • Wiek XX.
600 -Hasło przedmiotowe w formie nazwy osobowej [1,7]
    • a
    • Nazwa osobowa
    • Rubinstein, Artur
    • d
    • Daty związane z nazwą
    • (1887-1982)
    • x
    • Określnik rzeczowy
    • dzieciństwo i młodość.
    • 2
    • Źródło terminu
    • kaba
    • 9
    • KHW
    • 685127
980 -Symbol UKD [ , ]
    • a
    • UKD
    • 821.111(73)-312.6:78.071.2(438):929-051Rubinstein A."19"
700 -Hasło dodatkowe - nazwa osobowa [1, ]
    • a
    • Nazwa osobowa (NP)
    • Szafar, Tadeusz Find
    • d
    • Daty biograficzne (NP)
    • (1920-1995).
    • e
    • Określenie rodzaju współpracy
    • Tł.
    • 9
    • KHW
    • 57277
710 -Hasło dodatkowe - nazwa ciała zbiorowego [2, ]
    • a
    • Nazwa ciała zbiorowego lub nazwa geograficzna jako pierwszy element (NP)
    • Polskie Wydawnictwo Muzyczne.
    • 4
    • Kod relacji
    • pbl
    • 9
    • KHW
    • 56938
Data inwentaryzacji Lokalizacja Sygnatura Numer inwentarzowy Status udost.
2002-11-04BG W.54959-3
2002-11-04BG W.54960-3
2002-11-04BGZ.23243Z.232431
2002-11-18BG JK.1701